000
00345 a2200169 4500
001
183147
020
_a
978-85-08-06469-1
040
_c
Magnum
100
_a
Alencar, José de
240
1
0
_a
Encarnação
_l
por
245
1
0
_a
Encarnação
300
_a
88
362
0
_a
1997
440
1
_a
Ática
697
_a
LITERATURA GERAL
942
_c
BK
999
_c
183147
_d
183147